000 00541nam a22001817a 4500
003 CEME
005 20210628205852.0
008 210318b xxu||||| |||| 00| 0 eng d
020 _a0-07-023393-4
040 _c.
082 _a629.247 BAC
100 _aBacon, E.Mile
_977314
245 _aAutomotive steering, suspension and wheel alignment shop manual
260 _aNEWYORK
_bGLENCO, MCGRAW HILL
_c1996
300 _a250P
650 _aALIGNMENT-WHEEL WHEEL ALIGNMENT STEERING, SUSPENSION AND WHEEL ALIGNMENT
_977315
942 _cBK
_2ddc
999 _c582606
_d582606